| 000 | 00512nam a2200181 4500 | ||
|---|---|---|---|
| 001 | 109759 | ||
| 003 | ES-MaACL | ||
| 005 | 20230906184915.0 | ||
| 007 | t| | ||
| 008 | 061121s1970 sp r ||||1| spa d | ||
| 100 | 1 |
_aMuñiz Martín, Oscar. _984277 |
|
| 245 | 1 | 1 |
_a"El juego del diablo` / _cOscar Muñiz Martín. |
| 250 | _a1ª. ed. | ||
| 260 |
_aOviedo : _bRichard Grandio, _c1970. |
||
| 300 |
_a212 p. ; _c19 cm. |
||
| 500 | _aPremio de novela `Ciudad de Oviedo`. | ||
| 852 |
_aES-MaACL _jC-40094 _bR.73459 |
||
| 999 |
_c109759 _d109759 |
||